000 01303nam a2200313 i 4500
001 176027
003 ES-MaACL
005 20250830111240.0
007 t|
008 101210s19721975sp ||||1| spa d
020 _a84-313-0388-3 (v.III)
080 _a27-732.3 Trento
100 1 _aJedin, Hubert.
_966260
245 1 0 _aHistoria del Concilio de Trento /
_cHubert Jedin ; [versión castellana de Daniel Ruiz Bueno y Emilio Prieto Martín ; revisada y corregida por profesores de la Facultad de Teología].
260 _aPamplona :
_bEdiciones Universidad de Navarra,
_c1972-1975.
300 _a3 v. ;
_c23 cm.
490 1 _aBiblioteca de Teología ;
_v11
500 _aÍndices.
505 8 0 _aContiene: I. lucha por el Concilio, La. --II. Primer período (1545-1547), El. --III. Etapa de Bolonia (1547-1548) ; Segundo periodo de Trento (1551-1552)
594 _aTít. original: Geschite des Konzils von Trient.
610 2 4 _aIglesia Católica
_94639
611 2 7 _aConcilio de Trento
_d(1545-1563)
_2
_9135069
700 1 _aRuiz Bueno, Daniel.
_9100677
700 0 _aPrieto Martín, Emilio.
_993934
710 2 _aUniversidad de Navarra.
_97252
830 0 0 _aBiblioteca de teología
_v11
_9183765
852 _aES-MaACL
_jE-13761-63
_xOlim P-316-Ter
999 _c176027
_d176027